Statystyki dla zgadnij klub piłkarski

Kliknij tutaj aby rozwiązać quiz!

Ogólne statystyki

  • Ten quiz został rozwiązany 33 razy
  • Średni wynik to 9 z 16

Statystyki odpowiedzi

Odpowiedź% Poprawnych
Lech Poznań
100%
barcelona
96%
Inter Miami
85%
Borussia
81%
Paris Saint Germain
78%
Porto
74%
al ittihad
59%
Anderlecht
56%
dynamo kijów
52%
hapoel beer sheva
52%
leeds
52%
salernitana
48%
Hearts
33%
crf cluj
30%
Qarabach
30%
djurgardens
22%

Rozkład punktacji

Percentyl według liczby udzielonych odpowiedzi

Procent ludzi z każdym wynikiem

Twoja historia wyników

Nie rozwiązałeś tego quizu